000 00386nam a2200133Ia 4500
008 100328s9999 xx 000 0 und d
082 _b72318
100 _aघाणेकर प्र.के.
245 _aडोळस भटकंती
260 _bस्नेहल.
630 _aडोळस भटकंती
730 _aडोळस भटकंती
942 _cBOOK
999 _c558040
_d558037